000 01966cam a2200385 i 4500
001 20594037
005 20250428095943.0
008 180325s2018 ilua 001 0 eng c
010 _a 2017052250
020 _a9780838915608 (print : alk. paper)
020 _z9780838916766 (ePub)
020 _z9780838916773 (PDF)
020 _z9780838916780 (Kindle)
040 _aLBSOR/DLC
_beng
_cLBSOR
_erda
_dDLC
042 _apcc
050 0 0 _aZ683.2.U6
_bS26 2018
082 0 0 _a025.11
_223
100 1 _aSannwald, William W.,
_eauthor.
_95386
245 1 0 _aFinancial management for libraries /
_cWilliam W. Sannwald.
264 1 _aChicago :
_bALA Neal-Schuman,
_c2018.
300 _axiv, 199 pages :
_billustrations ;
_c28 cm.
336 _atext
_btxt
_2rdacontent
337 _aunmediated
_bn
_2rdamedia
338 _avolume
_bnc
_2rdacarrier
500 _aIncludes index.
505 0 _aIntroduction to budgeting and strategic planning -- Accounting concepts -- Library budget development process and participants -- Library performance measures and operating ratios -- Types of budgets -- Funding sources -- Capital budgets -- Approval and control -- Budgetary categories, comparisons, forms, and the balanced scorecard.
520 _a"Presenting financial management principles and best practices applicable to both public and academic libraries, this comprehensive text elucidates a broad array of issues crucial for those entering a managerial position. This book covers such key topics as accounting, budgets, the roles of stakeholders, funding sources, operating ratios, fiscal benchmarking, and more"--
_cProvided by publisher.
650 0 _aLibrary finance
_zUnited States.
_95387
650 0 _aLibraries
_xAccounting.
_95388
650 0 _aLibrary materials budgets.
_95389
650 0 _aLibrary planning.
_95390
906 _a7
_bcbc
_corignew
_d1
_eecip
_f20
_gy-gencatlg
942 _2ddc
_cBK
999 _c6619
_d6619